Sebastiá Ramis (Record no. 7866)

MARC details
000 - LÍDER
campo de control de longitud fija 00721nam a2200193Ia 4500
008 - ELEMENTOS DE DATOS DE LONGITUD FIJA - INFORMACIÓN GENERAL
campo de control de longitud fija 0000001984 fr a 0000000000fre00
090 ## - NÚMERO DE LLAMADA DE TIPO LC LOCALMENTE ASIGNADO (OCLC)
Número de clasificación (OCLC) (R) PSP00 R15s
100 1# - ENTRADA PRINCIPAL - NOMBRE PERSONAL
Nombre de la persona Ramis, Sebastiá
245 10 - TÍTULO DECLARACIÓN
Título Sebastiá Ramis
Resto del título : le plaisir de peindre
260 ## - PUBLICACIÓN, DISTRIBUCIÓN
Lugar de publicación Paris : Galerie Etienne de Causans
Fecha de publicación 1984
300 ## - DESCRIPCIÓN FÍSICA
Alcance [48] p.
Dimensiones / 15 cm.
500 ## - NOTA GENERAL
Nota general Exposición realizada en Galerie Etienne de Causans, Paris, Septiembre 22 Octubre 30, 1984 \ Con el patronazgo de la empresa colombiana PLARESA
600 00 - ENTRADA DE SUJETO AÑADIDO - NOMBRE PERSONAL
Nombre de la persona RAMIS, SEBASTIA./
Subdivisión general TRABAJOS PICTORICOS
650 14 - ENTRADA DE SUJETO AÑADIDO - TÉRMINO TÓPICO
Término tópico o elemento de entrada del nombre geográfico ARTE CONTEMPORANEO ESPAÑOL
650 14 - ENTRADA DE SUJETO AÑADIDO - TÉRMINO TÓPICO
Subdivisión general CATALOGOS
650 14 - ENTRADA DE SUJETO AÑADIDO - TÉRMINO TÓPICO
Subdivisión general EXPOSICIONES
650 14 - ENTRADA DE SUJETO AÑADIDO - TÉRMINO TÓPICO
Término tópico o elemento de entrada del nombre geográfico PINTORES ESPAÑOLES
650 14 - ENTRADA DE SUJETO AÑADIDO - TÉRMINO TÓPICO
Término tópico o elemento de entrada del nombre geográfico PINTURA ESPAÑOLA
Holdings
Estado de retirada Pérdida de estatus Estado dañado No para préstamo Código de recogida Ubicación permanente Ubicación actual Ubicación de las estanterías Fecha de adquisición Número de llamada completo Código de barras Fecha de la última vez que se vio Número de copia Precio efectivo desde Tipo de artículo Koha
        General ArtNexus ArtNexus General 06/09/2022 P-SP-00 R15S 7869 06/09/2022 Ej.1 06/09/2022 Libro

Powered by Koha